000 00200nam a2200109Ia 4500
100 _a#N/A
942 _cBK
654 _ablitzkrieg
245 _aBlitzkrieg
260 _b#N/A
_c2004
546 _aENGLISH
999 _c26029
_d26029